[Event "World Amateur-ch U2300"]
[Site "Spoleto"]
[Date "2017.04.07"]
[Round "8"]
[White "Rivola, Franco"]
[Black "Menichelli, Alessandro"]
[Result "0-1"]
[WhiteElo "1913"]
[BlackElo "1998"]
[PlyCount "56"]
[EventDate "2017.04.01"]
[EventType "swiss"]
[EventRounds "9"]
[EventCountry "ITA"]
[SourceTitle "CBM 177 Extra"]
[Source "ChessBase"]
[SourceDate "2017.04.27"]
[SourceVersion "1"]
[SourceVersionDate "2017.04.27"]
[SourceQuality "1"]

1. d4 Nf6 2. Nf3 c5 3. dxc5 e6 4. a3 Bxc5 5. b4 Be7 6. Bb2 d5 7. e3 0-0 8. Be2 a6 9. c4 dxc4 10. Qxd8 Rxd8 11. Bxc4 b5 12. Bb3 Bb7 13. Ke2 a5 14. bxa5 Nc6 15. Nbd2 Nxa5 16. Bc2 Ba6 17. Rhd1 Nc4 18. Nxc4 bxc4 19. Ke1 Rab8 20. Rxd8+ Bxd8 21. Be5 Ba5+ 22. Kd1 Rd8+ 23. Bd4 Ng4 24. Ke2 c3+ 25. Ke1 e5 26. Nxe5 Nxe5 27. Bxe5 Rd2 28. Rc1 Re2+ 0-1

[Event "Ancona Ascoli Province-ch"]
[Site "Porto Sant Elpidio"]
[Date "2016.01.30"]
[Round "3"]
[White "Menichelli, Alessandro"]
[Black "Nagni, Marco"]
[Result "1-0"]
[WhiteElo "1922"]
[BlackElo "1775"]
[PlyCount "55"]
[EventDate "2016.01.29"]
[EventType "swiss"]
[EventRounds "5"]
[EventCountry "ITA"]
[SourceTitle "EXT 2018"]
[Source "ChessBase"]
[SourceDate "2017.10.13"]
[SourceVersion "1"]
[SourceVersionDate "2017.10.13"]
[SourceQuality "1"]

1. Nf3 c5 2. c4 b6 3. g3 Bb7 4. Bg2 Nf6 5. 0-0 e6 6. Nc3 a6 7. e3 d6 8. b3 Be7 9. Bb2 Nbd7 10. d4 cxd4 11. exd4 Rc8 12. Qe2 0-0 13. Nd1 Re8 14. Ne3 Qc7 15. Rac1 Qb8 16. Rfd1 Qa8 17. h4 d5 18. Ne5 Rc7 19. cxd5 Rxc1 20. Rxc1 Nxe5 21. dxe5 Nxd5 22. Nxd5 Bxd5 23. Bxd5 Qxd5 24. Qxa6 Qd2 25. Rc8 Bd8 26. Qb5 Re7 27. Ba3 Rd7 28. Bd6 1-0

[Event "Porto Sant Elpidio op-B 9th"]
[Site "Porto Sant Elpidio"]
[Date "2006.11.19"]
[Round "2"]
[White "Piergentili, Roberto"]
[Black "Menichelli, Alessandro"]
[Result "1-0"]
[WhiteElo "1721"]
[BlackElo "1571"]
[PlyCount "78"]
[EventDate "2006.11.18"]
[EventType "swiss"]
[EventRounds "6"]
[EventCountry "ITA"]
[SourceTitle "EXT 2011"]
[Source "ChessBase"]
[SourceDate "2010.11.26"]
[SourceVersion "1"]
[SourceVersionDate "2010.11.26"]
[SourceQuality "1"]

1. d4 Nf6 2. c4 c5 3. d5 e6 4. Nc3 exd5 5. Nxd5 Nxd5 6. cxd5 d6 7. e4 g6 8. Nf3 Bg7 9. Qc2 f5 10. Bb5+ Bd7 11. Bxd7+ Qxd7 12. exf5 Qxf5 13. Qxf5 gxf5 14. Bf4 Kd7 15. 0-0 Re8 16. Rfe1 Na6 17. Nh4 Bxb2 18. Rab1 Nb4 19. Rxe8 Rxe8 20. g3 Be5 21. a3 Nxd5 22. Rxb7+ Kc6 23. Rxh7 Bxf4 24. gxf4 Nxf4 25. Kf1 c4 26. Nxf5 c3 27. Nd4+ Kb6 28. Rh4 Re4 29. Nc2 d5 30. f3 d4 31. fxe4 d3 32. Rh6+ Kc5 33. Nb4 Kc4 34. Nxd3 Kxd3 35. Rc6 c2 36. h4 Ne2 37. Rxc2 Ng3+ 38. Kg2 Nxe4 39. Rc7 a5 1-0

[Event "Porto Sant Elpidio op-B 8th"]
[Site "Porto Sant Elpidio"]
[Date "2005.11.27"]
[Round "6"]
[White "Cellini, Francesco M"]
[Black "Menichelli, Alessandro"]
[Result "0-1"]
[WhiteElo "1506"]
[BlackElo "1493"]
[PlyCount "86"]
[EventDate "2005.11.19"]
[EventType "swiss"]
[EventRounds "6"]
[EventCountry "ITA"]
[SourceTitle "EXT 2024"]
[Source "ChessBase"]
[SourceDate "2023.10.10"]
[SourceVersion "1"]
[SourceVersionDate "2023.10.10"]
[SourceQuality "1"]

1. c4 Nf6 2. g3 e6 3. Nc3 Bc5 4. d4 Be7 5. Bg2 d5 6. cxd5 Nxd5 7. e4 Nxc3 8. bxc3 c5 9. Qg4 cxd4 10. Nf3 dxc3 11. 0-0 e5 12. Qxg7 Bf6 13. Qh6 Nd7 14. Bg5 Bxg5 15. Nxg5 Qb6 16. Qh5 Qg6 17. Qxg6 hxg6 18. Rac1 Nc5 19. Rxc3 b6 20. Rfc1 f6 21. Nf3 Bd7 22. Nd2 Ke7 23. Nb3 Nxb3 24. axb3 Rac8 25. Rc7 a5 26. Bf1 Kd6 27. R7c2 Rxc2 28. Rxc2 Rc8 29. Rd2+ Ke7 30. h4 Rc1 31. Kg2 Bh3+ 32. Kxh3 Rxf1 33. Kg4 Re1 34. Kf3 Rb1 35. Rd3 b5 36. g4 a4 37. bxa4 bxa4 38. Ra3 Rb3+ 39. Rxb3 axb3 40. h5 gxh5 41. gxh5 b2 42. Kg4 b1Q 43. h6 Qh1 0-1

[Event "Porto Sant Elpidio op-B 8th"]
[Site "Porto Sant Elpidio"]
[Date "2005.11.26"]
[Round "4"]
[White "Baleani, Emanuele"]
[Black "Menichelli, Alessandro"]
[Result "1-0"]
[WhiteElo "1744"]
[BlackElo "1493"]
[PlyCount "61"]
[EventDate "2005.11.19"]
[EventType "swiss"]
[EventRounds "6"]
[EventCountry "ITA"]
[SourceTitle "EXT 2024"]
[Source "ChessBase"]
[SourceDate "2023.10.10"]
[SourceVersion "1"]
[SourceVersionDate "2023.10.10"]
[SourceQuality "1"]

1. e4 e6 2. d4 d5 3. Nc3 dxe4 4. Nxe4 Nf6 5. Bd3 b6 6. Bg5 Bb7 7. Qf3 Bc6 8. Bxf6 gxf6 9. Nxf6+ Ke7 10. Be4 Qxd4 11. Bxc6 Nxc6 12. Qxc6 Kxf6 13. Nf3 Qb4+ 14. c3 Qxb2 15. 0-0 Bd6 16. Nd4 Qa3 17. Qf3+ Kg7 18. Nb5 Qa4 19. Nxd6 cxd6 20. Qg3+ Kf6 21. Qxd6 Rad8 22. Qg3 Rd7 23. Rfe1 Rhd8 24. h3 Rd1 25. Qf3+ Ke7 26. Rexd1 Rxd1+ 27. Qxd1 Qxd1+ 28. Rxd1 h6 29. g4 f6 30. f4 f5 31. Kf2 1-0

[Event "Porto Sant Elpidio op-B 8th"]
[Site "Porto Sant Elpidio"]
[Date "2005.11.20"]
[Round "3"]
[White "Menichelli, Alessandro"]
[Black "Cargini, Fabio"]
[Result "1-0"]
[WhiteElo "1493"]
[BlackElo "1548"]
[PlyCount "120"]
[EventDate "2005.11.19"]
[EventType "swiss"]
[EventRounds "6"]
[EventCountry "ITA"]
[SourceTitle "EXT 2024"]
[Source "ChessBase"]
[SourceDate "2023.10.10"]
[SourceVersion "1"]
[SourceVersionDate "2023.10.10"]
[SourceQuality "1"]

1. d4 d5 2. Nf3 Nc6 3. Bf4 Nf6 4. Nc3 a6 5. e3 Bf5 6. Ne5 e6 7. Nxc6 bxc6 8. Bd3 Bxd3 9. cxd3 Be7 10. Qa4 Qd7 11. Rc1 0-0 12. Nd1 c5 13. Qxd7 Nxd7 14. dxc5 Nxc5 15. Rc3 Bd6 16. Bxd6 cxd6 17. d4 Ne4 18. Rc2 Rfc8 19. Nc3 Rab8 20. 0-0 Rc7 21. Rfc1 Rbc8 22. f3 Nxc3 23. Rxc3 Rxc3 24. Rxc3 Rxc3 25. bxc3 Kf8 26. a4 Ke7 27. Kf2 Kd7 28. Ke2 Kc6 29. Kd2 Kb6 30. Kc2 Ka5 31. Kb3 f5 32. h3 h5 33. h4 e5 34. g3 e4 35. f4 g6 36. Ka3 Kb6 37. Kb4 a5+ 38. Kb3 Ka6 39. c4 dxc4+ 40. Kxc4 Kb6 41. Kd5 Kc7 42. Ke6 Kc6 43. Kf6 Kd5 44. Kxg6 Kc4 45. Kxf5 Kd3 46. Kg5 Kxe3 47. f5 Kd2 48. f6 e3 49. f7 e2 50. f8Q e1Q 51. Qxd6 Kd3 52. Kxh5 Qd1+ 53. Kg5 Qxa4 54. h5 Qb5+ 55. Qc5 Qb8 56. Qf5+ Kc4 57. Qxa5 Kxd4 58. Qa4+ Kd5 59. Qd7+ Kc5 60. Qf5+ Kc6 1-0